| 000 | 00922nam0a22002531 4500 | ||
|---|---|---|---|
| 001 | rc\263919 | ||
| 005 | 20250621000454.0 | ||
| 010 |
_a5-08-001378-8 _9100000 |
||
| 035 | _a(NLR Aleph) 005469365 | ||
| 090 |
_a5031325 _c5031325 |
||
| 100 | _a20030307d1991 |||y0rusy50 ca | ||
| 101 | 0 | _arus | |
| 102 | _aRU | ||
| 105 | _aa ||||||||| | ||
| 200 | 1 |
_aВолшебное наследство _eПовесть-сказка _e[Для сред. возраста] _fВацлав Ржезач _gПер. с чеш. [В. Аркадьевой _gХудож. А. Громов] |
|
| 210 |
_aМ. _cДет. лит. _d1991 |
||
| 215 |
_a126, [1] с. _cил. _d22 |
||
| 300 | _aПеревод изд.: Carovne dedictiv / Vaclav Řezač (Ceskoslovensky spisovatel, 1961) | ||
| 700 | 1 |
_aРжезач _bВ. _f1901-1956 _gВацлав |
|
| 801 | 0 |
_aRU _bNLR _gpsbo |
|
| 801 | 1 |
_aRU _bELAR _2rusmarc |
|
| 852 |
_aNLR _j91-5/1839 |
||
| 942 | _cBOOK | ||
| 980 | _aNB | ||